<?xml version="1.0" encoding="UTF-8"?>
<record
    xmlns:xsi="http://www.w3.org/2001/XMLSchema-instance"
    xsi:schemaLocation="http://www.loc.gov/MARC21/slim http://www.loc.gov/standards/marcxml/schema/MARC21slim.xsd"
    xmlns="http://www.loc.gov/MARC21/slim">

  <leader>01648nam a22002417a 4500</leader>
  <controlfield tag="005">20230801090736.0</controlfield>
  <controlfield tag="008">230726b           ||||| |||| 00| 0 eng d</controlfield>
  <datafield tag="020" ind1=" " ind2=" ">
    <subfield code="a">9780143452348</subfield>
  </datafield>
  <datafield tag="040" ind1=" " ind2=" ">
    <subfield code="c">AL</subfield>
  </datafield>
  <datafield tag="041" ind1=" " ind2=" ">
    <subfield code="a">English</subfield>
  </datafield>
  <datafield tag="082" ind1=" " ind2=" ">
    <subfield code="2">23</subfield>
    <subfield code="a">158</subfield>
    <subfield code="b">MUKA</subfield>
  </datafield>
  <datafield tag="100" ind1=" " ind2=" ">
    <subfield code="a">Swami Mukundananda</subfield>
    <subfield code="9">128927</subfield>
  </datafield>
  <datafield tag="245" ind1=" " ind2=" ">
    <subfield code="a">Art and Science of Happiness</subfield>
  </datafield>
  <datafield tag="260" ind1=" " ind2=" ">
    <subfield code="a">India</subfield>
    <subfield code="b">Penguin Ananda</subfield>
    <subfield code="c">2023</subfield>
  </datafield>
  <datafield tag="300" ind1=" " ind2=" ">
    <subfield code="a">xvii,262 p.</subfield>
    <subfield code="b">PB</subfield>
    <subfield code="c">20x13 cm.</subfield>
  </datafield>
  <datafield tag="365" ind1=" " ind2=" ">
    <subfield code="a">BLCR-000026</subfield>
    <subfield code="b">&#x20B9;239.00</subfield>
    <subfield code="c">&#x20B9;</subfield>
    <subfield code="d">&#x20B9;299.00</subfield>
    <subfield code="e">20%</subfield>
    <subfield code="f">15-07-2023</subfield>
  </datafield>
  <datafield tag="520" ind1=" " ind2=" ">
    <subfield code="a">Happiness is a beautiful feeling. It floods our heart with gratitude and enriches us with the exuberance of life. Happiness is what makes living worthwhile. That is why we pursue it in all we do. Yet, despite our best efforts, it remains elusive. Why?
This is the puzzle we must solve in life. What is the secret of finding everlasting bliss? What is the art of experiencing joy that is immune to vicissitudes? And what is the science of achieving happiness that is not dependent on externals?
In this book, internationally acclaimed authority on mind management, renowned saint and bestselling author Swami Mukundananda draws on the ancient wisdom of the scriptures and current scientific research to address these questions. He also explains strategies for happiness in relationships, at work and in the face of adversity. By applying these concepts in your daily life, you can be happy everywhere and at all times.
</subfield>
  </datafield>
  <datafield tag="650" ind1=" " ind2=" ">
    <subfield code="a">Applied Psychology</subfield>
    <subfield code="9">128377</subfield>
  </datafield>
  <datafield tag="650" ind1=" " ind2=" ">
    <subfield code="a">Psychology</subfield>
    <subfield code="9">128380</subfield>
  </datafield>
  <datafield tag="650" ind1=" " ind2=" ">
    <subfield code="a"> INSPIRATIONAL/SELF-HELP , RELIGION/SPIRITUALITY.</subfield>
    <subfield code="9">128928</subfield>
  </datafield>
  <datafield tag="700" ind1=" " ind2=" ">
    <subfield code="a">MUKUNDANANDA (Swami)</subfield>
    <subfield code="9">128378</subfield>
  </datafield>
  <datafield tag="942" ind1=" " ind2=" ">
    <subfield code="2">ddc</subfield>
    <subfield code="c">BK</subfield>
  </datafield>
  <datafield tag="999" ind1=" " ind2=" ">
    <subfield code="c">228121</subfield>
    <subfield code="d">228121</subfield>
  </datafield>
  <datafield tag="952" ind1=" " ind2=" ">
    <subfield code="0">0</subfield>
    <subfield code="1">0</subfield>
    <subfield code="2">ddc</subfield>
    <subfield code="4">0</subfield>
    <subfield code="7">0</subfield>
    <subfield code="8">PSY</subfield>
    <subfield code="a">AL</subfield>
    <subfield code="b">AL</subfield>
    <subfield code="d">2023-07-15</subfield>
    <subfield code="e">Navakarnataka Publications Pvt.Ltd.</subfield>
    <subfield code="g">239.00</subfield>
    <subfield code="l">3</subfield>
    <subfield code="m">1</subfield>
    <subfield code="o">158 MUKA</subfield>
    <subfield code="p">076601</subfield>
    <subfield code="r">2025-11-11 12:03:34</subfield>
    <subfield code="s">2025-09-19</subfield>
    <subfield code="v">299.00</subfield>
    <subfield code="w">2023-07-26</subfield>
    <subfield code="y">BK</subfield>
  </datafield>
</record>
